[Event "Hannover-chC"]
[Site "Lehrte"]
[Date "2010.10.09"]
[Round "2"]
[White "Harms, Thomas"]
[Black "Eilert, Marius"]
[Result "1-0"]
[WhiteElo "2009"]
[BlackElo "1849"]
[PlyCount "41"]
[EventDate "2010.10.09"]
[EventType "swiss"]
[EventRounds "7"]
[EventCountry "GER"]
[SourceTitle "EXT 2021"]
[Source "ChessBase"]
[SourceDate "2020.10.23"]
[SourceVersion "1"]
[SourceVersionDate "2020.10.23"]
[SourceQuality "1"]

1. d4 Nf6 2. Nf3 g6 3. g3 Bg7 4. Bg2 0-0 5. 0-0 c5 6. dxc5 Na6 7. Be3 Ng4 8. Bd4 e5 9. Bc3 Re8 10. h3 Nh6 11. Qd5 Qc7 12. b4 Nxb4 13. Bxb4 e4 14. Nd4 Re5 15. Qd6 Qd8 16. c3 a5 17. Ba3 Qg5 18. e3 Rd5 19. Qf4 Qe7 20. c6 d6 21. Qxe4 1-0